000 02511cam a2200337 4500500
005 20260322003342.0
041 _afre
042 _adc
100 1 0 _aCaveing, Maurice
_eauthor
245 0 0 _aSavoirs et sciences selon Gérard Simon
260 _c2007.
500 _a65
520 _aRésuméL’œuvre de Gérard Simon concerne simultanément deux domaines : celui des sciences, dans l’acception moderne de ce mot, celui des « savoirs », c’est-à-dire des connaissances, ou prétendues telles, non scientifiques, ou pré-scientifiques, ou para-scientifiques. Dans la présente étude, on s’interroge sur les relations possibles entre ces deux domaines, tant au point de vue de l’ordre de succession historique qu’à celui du contenu cognitif rassemblé dans des systèmes doctrinaux divers. On réunit à cette fin les indications disséminées dans de nombreux textes de Gérard Simon, qu’il est instructif de rapprocher. On conclut qu’il n’y a pas de modèle unique et typique pour les rapports entre les savoirs et les sciences.
520 _aForms of knowledge and the sciences according to Gérard SimonGérard Simon’s work relates simultaneously to two areas : science, in the modern sense of the term, and forms of knowledge, that is learning, or what is held to be such, be it non-scientific, pre-scientific or para-scientific. This article analyzes the relations possible between these two areas, both from the point of view of the historical order of succession and that of cognitive content brought together into various doctrinal systems. Bearing this in mind, we gather the indications appearing in many of Gérard Simon’s writings that it is instructive to consider jointly. We reach the conclusion that there is no unique and characteristic model for the relation between science and forms of knowledge.
690 _acartésianisme
690 _acrédulité
690 _aculture dominante
690 _aplausibilité
690 _asavoirs
690 _asciences
690 _axvie et xviie siècles
690 _a16th and 17th centuries
690 _acartesianism
690 _acredulity
690 _aforms of « knowledge »
690 _aleading cultural features
690 _aplausibility
690 _ascience
786 0 _nRevue d'histoire des sciences | 60 | 1 | 2007-08-01 | p. 203-216 | 0151-4105
856 4 1 _uhttps://shs.cairn.info/revue-d-histoire-des-sciences-2007-1-page-203?lang=fr&redirect-ssocas=7080
999 _c1731266
_d1731266